Statistics for New York Yankees Retired Numbers

Click here to take the quiz!

General Stats

  • This quiz has been taken 3,445 times
    (3,307 since last reset)
  • The average score is 13 of 23

Answer Stats

# Position Year Player % Correct
3RF1948Babe Ruth
94%
2SS2017Derek Jeter
90%
7CF1969Mickey Mantle
81%
41B1939Lou Gehrig
79%
8C1972Yogi Berra
78%
5CF1952Joe DiMaggio
77%
42(All MLB)1997Jackie Robinson
74%
42RP2013Mariano Rivera
71%
6Manager2014Joe Torre
70%
44RF1993Reggie Jackson
59%
51CF2015Bernie Williams
57%
20C2015Jorge Posada
55%
12B, Manager1986Billy Martin
51%
9RF1984Roger Maris
51%
46P2015Andy Pettitte
50%
231B1997Don Mattingly
49%
15C1979Thurman Munson
46%
16P1974Whitey Ford
45%
37Manager1970Casey Stengel
34%
10SS1985Phil Rizzuto
31%
8C1972Bill Dickey
29%
49P2003Ron Guidry
26%
32C1984Elston Howard
22%

Score Distribution

Percentile by Number Answered

Percent of People with Each Score

Your Score History

You have not taken this quiz since the last reset